| 000 | 00000nas##2200000za#4500 |
| 001 | 9.501640 |
| 003 | CaOODSP |
| 005 | 20200421163054 |
| 007 | cr ||||||||||| |
| 008 | 150406c1999||||xxc|| m o||||f| |0fre|d |
| 040 | |aCaOODSP|bfre |
| 043 | |an-cn--- |
| 086 | 1 |aNH18-1-5F-PDF |
| 110 | 2 |aSociété canadienne d'hypothèques et de logement. |
| 245 | 10|aRapport de recherche. Série sur les besoins particuliers de logement |h[ressource électronique] |
| 260 | |aOttawa - Ontario : |bSociété canadienne d'hypothèques et de logement |c[1999]--. |
| 310 | |aIrrégulier |
| 691 | 07|aConditions sociales|2gcpds |
| 691 | 07|aLogement|2gcpds |
| 691 | 07|aPersonne défavorisée|2gcpds |
| 691 | 07|aRecherche|2gcpds |
| 775 | 08|tResearch report. Distinct housing needs series |w(CaOODSP)9.505240 |
| 776 | 0#|tSérie sur les besoins particuliers de logement : |w(CaOODSP)9.513169 |
| 776 | 0#|tSérie sur les besoins particuliers de logement |w(CaOODSP)9.513768 |